عرض عادي
عرض مارك
- Nutritional Biochemistry
مدخل مصطلح موضوعي
عدد التسجيلات المستخدمة في: 17
001 - رقم الضبط
- حقل الضبط: 36371
003 - معرف رقم الضبط
- حقل الضبط: OSt
005 - تاريخ ووقت أخر عملية
- حقل الضبط: 20130804121951.0
008 - عناصر بيانات ثابتة الطول
- حقل تحكم ثابت الطول: 130804|||a|||||| | ||| d
040 ## - مصدر الفهرسة
- هيئة الفهرسة الأصلية: OSt
- وكالة الكتابة: OSt
150 ## - مدخل-- مصطلح تاريخي
- عنصر مدخل المصطلح الموضوعي او الاسم الجغرافي: Nutritional Biochemistry
670 ## - بيانات المصدر موجوده
- الاستشهاد بالمصدر: Work cat.: (OSt): Forro, Terene. 36370, Recent Advances in Nutritional Biochemistry and Metabolism /, 2013
